[Event "Festival De Ajedrez"]
[Site "?"]
[Date "2007.04.07"]
[Round "5"]
[White "Sokolov, I.."]
[Black "Akobian, V.."]
[Result "1/2-1/2"]
[WhiteElo "2663"]
[BlackElo "2574"]
[Annotator "GM Akobian"]
[PlyCount "89"]
[EventDate "2007.02.16"]
[SourceDate "2007.02.16"]

1. d4 d5 2. c4 e6 3. Nc3 c5 4. cxd5 exd5 5. Nf3 Nc6 6. g3 Nf6 7. Bg2 Be7 8. O-O
O-O 9. Bg5 cxd4 10. Nxd4 h6 11. Bf4 Bg4 12. h3 Be6 13. Rc1 Rc8 14. Nxe6 fxe6
15. e4 d4 16. e5 dxc3 17. exf6 Bxf6 18. bxc3 Qxd1 19. Rfxd1 Rfd8 20. Be3 b6 21.
Rxd8+ Nxd8 22. c4 Nc6 23. c5 Nb4 24. Bb7 (24. cxb6 Rxc1+ 25. Bxc1 axb6 $11)
24... Rc7 25. cxb6 Rxc1+ 26. Bxc1 axb6 27. a3 Nd3 28. Be3 Be7 29. Ba6 Nb2 30.
Bxb6 Bxa3 31. Bb5 Nd1 32. Bc4 Kf7 33. f4 g6 34. g4 Bc1 35. Bc7 Ne3 36. Bb3 h5
37. gxh5 gxh5 38. Be5 Nf5 39. Kf2 Be3+ 40. Kf3 Bd4 41. Ke4 Bxe5 42. Kxe5 Ng7
43. h4 Ke7 44. Bc2 Ne8 45. f5 1/2-1/2

[Event "Festival De Ajedrez"]
[Site "?"]
[Date "2007.04.08"]
[Round "8"]
[White "Del Rio, A.."]
[Black "Akobian, V.."]
[Result "0-1"]
[WhiteElo "2505"]
[BlackElo "2574"]
[Annotator "GM Akobian"]
[PlyCount "68"]
[EventDate "2007.02.16"]
[SourceDate "2007.02.16"]

1. e4 e6 2. d4 d5 3. Bd3 Nf6 4. e5 Nfd7 5. Nf3 c5 6. c3 Nc6 7. O-O Qb6 8. Bc2
a5 9. a3 Be7 10. Re1 h6 11. Ra2 Qa7 12. Be3 b5 13. Nbd2 cxd4 14. cxd4 a4 15. h4
Nb6 16. Ra1 Na5 17. Rc1 Bd7 18. h5 b4 19. axb4 Bxb4 20. Re2 Nac4 21. Nxc4 Nxc4
22. Bd3 Bb5 23. Ra1 Qa6 24. g3 O-O 25. Qc1 Nxe3 26. Bxb5 Qxb5 27. Qxe3 Rfc8 28.
g4 Be7 29. Ne1 Bg5 $1 30. Qd3 (30. Qf3 Rc4 $17) 30... Qxd3 31. Nxd3 Rc4 32. f3
Rxd4 33. Nc5 Be7 34. Nb3 Rd3 0-1

[Event "Festival De Ajedrez"]
[Site "?"]
[Date "2007.04.08"]
[Round "9"]
[White "Akobian, V.."]
[Black "Bacrot, E.."]
[Result "1/2-1/2"]
[WhiteElo "2574"]
[BlackElo "2709"]
[Annotator "GM Akobian"]
[PlyCount "77"]
[EventDate "2007.02.16"]
[SourceDate "2007.02.16"]

1. d4 d5 2. c4 c6 3. cxd5 cxd5 4. Nf3 Nf6 5. Nc3 Nc6 6. Bf4 a6 7. Rc1 Bf5 8. e3
Rc8 9. Ne5 e6 10. Qb3 Nxe5 11. Bxe5 Qd7 $1 12. Be2 Be7 13. O-O O-O 14. Na4 Rxc1
15. Rxc1 Rc8 16. Nc5 Bxc5 17. dxc5 $14 Ne4 18. Bd4 f6 19. f3 Nd6 (19... Ng5 20.
h4 Nf7 21. g4 e5 22. gxf5 exd4 23. exd4 Re8 24. Bd3 Nh6 25. Be4 Rd8 26. Kg2 $14
) 20. Qd1 (20. e4 $1 dxe4 21. Rd1 exf3 22. Bxf3 Ne4 23. Bxf6 Qf7 24. Be5 Nxc5
25. Qc3 Qf8 26. Rc1 $16) 20... Nb5 21. a4 Nxd4 22. exd4 e5 23. b4 Qe6 24. Bf1
Bg6 25. Qd2 h6 26. Re1 Kh7 $14 27. b5 (27. Bd3 Re8 28. Bxg6+ Kxg6 29. b5 axb5
30. axb5 Kf7 31. Rd1 $14) 27... axb5 28. axb5 Qd7 29. f4 $6 (29. Bd3 Bxd3 30.
Qxd3+ Kh8 31. Rc1 $14) 29... exd4 30. Qxd4 Qc7 31. Rc1 Be4 32. g3 Qa5 33. Ra1
Qc7 34. Rc1 Qa5 35. c6 (35. Bd3 f5 36. Bxe4 dxe4 37. Qe5 Rf8 38. c6 bxc6 39.
bxc6 Qd2 $11) 35... bxc6 36. bxc6 Qa3 37. Qc3 Qxc3 38. Rxc3 d4 39. Rc4 1/2-1/2

[Event "2007 US Championship"]
[Site "Stillwater United States"]
[Date "2007.05.20"]
[Round "6"]
[White "Browne, W.."]
[Black "Akobian, V.."]
[Result "0-1"]
[WhiteElo "2520"]
[BlackElo "2651"]
[Annotator "GM Akobian"]
[PlyCount "76"]
[EventDate "2007.05.15"]
[SourceDate "2007.02.16"]

1. e4 e6 2. d4 d5 3. Nc3 Nf6 4. e5 Nfd7 5. f4 c5 6. Nf3 Nc6 7. Be3 a6 8. Qd2
Be7 9. Be2 O-O 10. O-O b5 11. Nd1 (11. a3 Qb6 12. Rad1 $13) 11... b4 12. Nf2 a5
13. dxc5 Nxc5 14. Nd4 Nxd4 15. Bxd4 Ba6 $1 16. Rae1 Qc7 17. Kh1 Rfc8 $15 18.
Qe3 Bxe2 19. Rxe2 Ra6 20. g4 $1 Rc6 21. f5 Kh8 $1 (21... Qd8 22. f6 gxf6 23.
exf6 Bxf6 24. g5 $1 $16) 22. f6 gxf6 23. exf6 Bd6 24. Qh6 $1 Rg8 25. Qh5 Rg6
26. Nh3 $1 Ne4 $1 (26... Kg8 $2 27. Ng5 h6 28. Qxg6+ $3 fxg6 29. f7+ $18) (
26... Nd7 27. Ng5 Nf8 28. Nxe6 $1 fxe6 29. f7+ e5 30. Rxe5 $18) 27. Rxe4 dxe4
28. Ng5 Rxg5 $8 (28... h6 29. Qxg6 fxg6 30. f7+ $18) 29. Qxg5 Bf8 30. c3 $138
a4 $5 31. a3 $2 (31. Qe5 Qxe5 32. Bxe5 bxc3 33. Bxc3 a3 34. Rd1 Bd6 35. bxa3
Rxc3 36. Rxd6 h6 37. Rd4 Rxa3 38. Rxe4 Rxa2 39. Rf4 Kh7 $15) 31... bxa3 32.
bxa3 Qb7 33. Kg1 Rc8 34. Re1 Qd5 $1 35. Qe3 (35. h4 Ra8 36. Qc1 Bd6 $17) 35...
Bxa3 36. Ra1 Bf8 37. Rxa4 e5 $1 38. Qg5 (38. Bb6 Qd1+ 39. Kg2 Qxa4 $19) 38...
Qb3 0-1

[Event "World Open"]
[Site "?"]
[Date "2007.07.01"]
[Round "3"]
[White "Sharavdorj, D.."]
[Black "Akobian, V.."]
[Result "0-1"]
[WhiteElo "2448"]
[BlackElo "2570"]
[Annotator "GM Akobian"]
[PlyCount "86"]
[SourceDate "2007.02.16"]

1. d4 d5 2. Nf3 c6 3. c4 Nf6 4. Nc3 dxc4 5. a4 e6 6. e3 c5 7. Bxc4 Nc6 8. O-O
Be7 9. Qe2 cxd4 10. Rd1 O-O 11. Nxd4 Qc7 (11... Nxd4 12. exd4 $14) 12. Nxc6
bxc6 13. b3 Bb7 14. Bb2 a6 15. e4 c5 16. e5 Nd7 17. f4 Nb6 18. Bd3 c4 19. bxc4
Rac8 20. Ne4 Nxc4 21. Bd4 (21. Nf6+ Bxf6 22. exf6 (22. Bxc4 Qxc4 23. Qxc4 Rxc4
24. exf6 Rc2 25. fxg7 Rfc8 26. Be5 Rxg2+ 27. Kf1 Rxh2 $17) 22... Qb6+ 23. Kh1
Qxb2 24. Bxc4 Qxf6 25. Bxa6 Bxa6 26. Qxa6 Qxf4 $17) 21... Rfd8 22. Bxc4 $4 (22.
Bf2 Qc6 23. Bxc4 Rxd1+ 24. Rxd1 Qxc4 25. Qxc4 Rxc4 26. Nd6 Rc7 27. Nxb7 Rxb7
$11) 22... Qxc4 23. Qxc4 Rxc4 24. Nd6 Bxd6 25. Bb6 Bc7 26. Rxd8+ (26. Bxc7
Rxd1+ 27. Rxd1 Bd5 28. Bd6 Rxa4 $17) 26... Bxd8 27. Bxd8 Rc2 28. Rb1 Rxg2+ 29.
Kf1 Bd5 30. Rb8 $138 h6 31. Bh4+ Kh7 32. Bg3 Ra2 33. Rb4 a5 $1 34. Rd4 Bc6 $19
35. Be1 Bxa4 36. Bd2 Bb3 37. Ke1 a4 38. Rd7 Kg6 39. h4 h5 40. f5+ exf5 41. Rd3
Be6 42. Rg3+ Kh7 43. Rg5 a3 0-1

[Event "World Open"]
[Site "?"]
[Date "2007.07.01"]
[Round "4"]
[White "Akobian, V.."]
[Black "Howell, D.."]
[Result "1-0"]
[WhiteElo "2570"]
[BlackElo "2519"]
[Annotator "GM Akobian"]
[PlyCount "83"]
[SourceDate "2007.02.16"]

1. d4 Nf6 2. c4 g6 3. Nc3 d5 4. Bg5 Ne4 5. Bh4 Nxc3 6. bxc3 dxc4 7. e3 Be6 8.
Rb1 b6 9. Nf3 Bg7 10. Nd2 O-O 11. Be2 (11. Qf3 Bd5 12. e4 Bb7 13. Bxc4 c5 14.
dxc5 Nd7 $13) 11... f5 $2 (11... c6 12. a4 a6 13. Nxc4 b5 14. Nd2 Nd7 15. c4
$14) 12. O-O Nd7 13. Qa4 c5 14. Bxc4 (14. Bf3 Rc8 15. d5 Bf7 16. Nxc4 Bxc3 17.
Rfd1 (17. Nd6 Rb8 18. Nxf7 Rxf7 19. d6) 17... Bf6 18. Bxf6 Nxf6 19. Qxa7 Ra8
20. Qxb6 Qxb6 21. Nxb6 Rxa2 22. d6 exd6 23. Rxd6 Kg7 $11) 14... Bxc4 15. Qxc4+
$14 Kh8 16. Nf3 (16. a4 $16) 16... Qe8 17. Qe6 Bf6 18. Bxf6+ (18. Bg3 Qc8 19.
Rfd1 (19. Nd2 $14) 19... Ne5 20. Ng5 Ng4 21. Qxc8 Rfxc8 22. Ne6 $14) 18... Rxf6
19. Qb3 e5 20. a4 $1 Rb8 21. Rfd1 e4 22. Nd2 Qe6 23. Qb5 Qc6 24. Qa6 Qb7 25.
Qe2 Qc6 26. Nc4 $1 Rc8 (26... Qxa4 27. Ra1 Qb5 28. Rxa7 Rc8 29. Qa2 $16) 27. d5
Qb7 $138 28. Rb5 $1 Re8 29. a5 a6 30. Rxb6 $1 Nxb6 31. axb6 Rxb6 32. Nxb6 Qxb6
33. Qa2 $138 Rd8 $6 (33... Qd6 34. Rb1 Kg8 35. g3 $14) 34. h3 Kg7 35. Rb1 $16
Qf6 36. c4 Kh6 37. Qa5 Rc8 38. Rb6 Qh8 39. g3 $1 $18 Ra8 40. Kg2 Qc8 41. Rc6
Qb7 42. Qxc5 1-0

[Event "World Open"]
[Site "?"]
[Date "2007.07.03"]
[Round "6"]
[White "Nakamura, H.."]
[Black "Akobian, V.."]
[Result "1/2-1/2"]
[WhiteElo "2647"]
[BlackElo "2570"]
[Annotator "GM Akobian"]
[PlyCount "33"]
[SourceDate "2007.02.16"]

1. e4 e6 2. d4 d5 3. Nc3 dxe4 4. Nxe4 Nd7 5. Nf3 Ngf6 6. Nxf6+ Nxf6 7. c3 c5 8.
Ne5 a6 9. Bg5 Qc7 $1 $11 10. Qa4+ Nd7 11. Bf4 Bd6 12. Nxd7 (12. Bb5 Rb8 13.
Bxd7+ Bxd7 14. Nxd7 Qxd7 15. Qxd7+ Kxd7 16. Bxd6 Kxd6 17. dxc5+ Kxc5 18. O-O-O
Rbd8 $11) 12... Bxd7 13. Bxd6 Qxd6 14. Qa3 Rc8 15. Be2 Ke7 16. O-O-O Rhd8 17.
f3 1/2-1/2

[Event "World Open"]
[Site "?"]
[Date "2007.07.04"]
[Round "8"]
[White "Akobian, V.."]
[Black "Milov, V.."]
[Result "1/2-1/2"]
[WhiteElo "2570"]
[BlackElo "2678"]
[Annotator "GM Akobian"]
[PlyCount "132"]
[SourceDate "2007.02.16"]

1. d4 Nf6 2. c4 e6 3. Nf3 d5 4. Nc3 Bb4 5. cxd5 exd5 6. Bg5 Nbd7 7. Qc2 O-O 8.
e3 c5 9. Bd3 Qa5 10. dxc5 Ne4 11. O-O Bxc3 12. bxc3 Ndxc5 13. Be7 Re8 14. Bxc5
Qxc5 15. Rab1 Qe7 16. Nd4 b6 17. a4 Bd7 18. Rfc1 Rac8 19. Bxe4 dxe4 20. a5 bxa5
21. Rb7 Qd6 22. Rxa7 Rc5 23. Qa2 a4 24. Qb1 g6 25. Qb7 Re7 26. c4 Kf8 27. Qb4
Be8 28. Ra5 Ree5 29. g3 $138 Qe7 30. Ra8 Kg7 31. Kg2 Bd7 32. Kg1 Qg5 33. Ra7
Qg4 34. Qb2 Be8 35. Re7 Kh6 36. Rxe5 Rxe5 37. c5 $2 (37. Qb8 $1 Qg5 38. c5 a3
39. h4 Qe7 40. c6 $18) 37... Qh3 38. c6 Rh5 39. f4 exf3 40. c7 Bd7 41. Nxf3 Qe6
42. Qc3 Bc8 43. Rf1 f6 44. Ra1 Qe7 45. Rxa4 Rc5 46. Rc4 Rxc4 47. Qxc4 Qxe3+ 48.
Kg2 Kg7 49. Qc2 g5 50. h3 h5 51. Qd2 Qe7 52. Qc2 Qe6 53. Kf2 Qxh3 54. Qc5 Qd7
55. Nd4 Kf7 56. Qc4+ Kf8 57. Qc5+ Qe7 58. Qc6 Qe5 59. Nb5 Ke7 60. Nc3 Qd4+ 61.
Kg2 Qd2+ 62. Kg1 Qd6 63. Nd5+ Ke6 64. Qxd6+ Kxd6 65. Nxf6 h4 66. gxh4 gxh4
1/2-1/2

[Event "World Open Playoffs"]
[Site "?"]
[Date "2007.07.04"]
[Round "?"]
[White "Akobian, V.."]
[Black "Stripunsky, A.."]
[Result "1-0"]
[WhiteElo "2570"]
[BlackElo "2589"]
[Annotator "GM Akobian"]
[PlyCount "103"]
[SourceDate "2007.02.16"]

1. d4 d5 2. c4 e6 3. Nf3 c5 4. cxd5 exd5 5. Nc3 Nc6 6. g3 Nf6 7. Bg2 Be7 8. O-O
O-O 9. Bg5 Be6 10. dxc5 Bxc5 11. Bxf6 Qxf6 12. Nxd5 Qxb2 13. Nc7 Rad8 14. Qc1
Qxc1 15. Raxc1 b6 16. Nxe6 fxe6 17. e3 h6 18. Rc4 Rd6 19. h4 Rxf3 20. Bxf3 Ne5
21. Be2 Nxc4 22. Bxc4 Kf7 23. Kg2 Kf6 24. Bb3 Rd2 25. Kf3 a6 26. Rc1 Ke5 27.
Rc4 Kf6 28. Rf4+ Ke7 29. Rg4 Kf7 30. Rf4+ Ke7 31. Kg4 Rd7 32. Kh5 Rd6 33. Rf3
Bb4 34. Kg6 Bc3 35. Rf7+ Kd8 36. Ra7 b5 37. f4 a5 38. Kf7 e5 39. Be6 b4 40. f5
e4 41. g4 Rc6 42. Rxa5 Kc7 43. g5 hxg5 44. hxg5 b3 45. Ra7+ Kb6 (45... Kb8 46.
Ra3 Rc7+ 47. Kg6 b2 48. Bd5 b1=Q 49. Ra8#) 46. Ra3 b2 47. Rb3+ Ka7 48. Bd5 Rb6
49. Rxb6 Kxb6 50. Bxe4 Kc5 51. f6 gxf6 52. g6 1-0

[Event "Continental Championship"]
[Site "?"]
[Date "2007.07.15"]
[Round "6"]
[White "Granda, Z.."]
[Black "Akobian, V.."]
[Result "1/2-1/2"]
[WhiteElo "2621"]
[BlackElo "2570"]
[Annotator "GM Akobian"]
[PlyCount "38"]
[EventDate "2007.07.06"]
[SourceDate "2007.02.16"]

1. d4 Nf6 2. c4 e6 3. Nc3 Bb4 4. e3 O-O 5. Bd3 d5 6. Nf3 c5 7. O-O dxc4 8. Bxc4
Nbd7 9. Qb3 (9. a3 Bxc3 10. bxc3 b6 11. Qe2 Bb7 12. Bd3 Ne4 $11) 9... Qe7 (9...
a6 $11) 10. dxc5 Bxc5 11. e4 Bd6 12. Bg5 Ne5 $1 {1/2-1/2} 13. Nxe5 (13. Nb5
Nxf3+ 14. Qxf3 Be5 15. Bf4 Bxf4 16. Qxf4 e5 17. Qe3 Bd7 18. Nc7 Rac8 19. Nd5
Nxd5 20. Bxd5 b6 $11) 13... Bxe5 14. Kh1 Qc5 15. Bxf6 (15. Be3 Qa5 16. f3 Bd7
$11) 15... Bxf6 16. f4 Bxc3 17. Qxc3 b5 18. Be2 Qxc3 19. bxc3 Bd7 $11 1/2-1/2

[Event "Continental Championship"]
[Site "?"]
[Date "2007.07.19"]
[Round "10"]
[White "Vescovi, G.."]
[Black "Akobian, V.."]
[Result "1/2-1/2"]
[WhiteElo "2609"]
[BlackElo "2570"]
[Annotator "GM Akobian"]
[PlyCount "89"]
[EventDate "2007.07.06"]
[SourceDate "2007.02.16"]

1. d4 e6 2. c4 Bb4+ 3. Bd2 Qe7 4. g3 Nf6 5. Bg2 Nc6 6. e3 e5 7. d5 Nb8 8. Nc3
O-O 9. Nge2 d6 10. Qc2 Re8 11. a3 Bxc3 12. Bxc3 (12. Nxc3 e4 13. O-O Bf5 14.
Nb5 Qd7 $13) 12... c5 13. dxc6 $2 (13. O-O $142 Nbd7 14. e4 $14) 13... Nxc6 14.
b3 Be6 15. Rd1 Red8 16. O-O (16. e4 a6 17. O-O b5 18. cxb5 axb5 19. Qb2 Qa7 $15
) 16... a5 $1 (16... d5 $2 17. b4 $1 dxc4 18. b5 $16) 17. Bb2 d5 $1 $11 18.
cxd5 (18. c5 Rac8 19. f4 Bg4 20. fxe5 Nxe5 21. Bd4 b6 22. b4 axb4 23. axb4 Nc6
$15) 18... Bxd5 19. Bxd5 Nxd5 20. Nc3 Nxc3 21. Qxc3 Rac8 22. Rxd8+ Rxd8 23. f4
h6 (23... f6 24. fxe5 Nxe5 25. Qxa5 Nd3 26. Bd4 Rxd4 27. exd4 Qe3+ 28. Kg2 Qe2+
$11) 24. fxe5 Qe6 25. Qc2 (25. Qc4 Qxc4 26. bxc4 Rd3 $13) 25... Nxe5 26. Qc3
Re8 27. Qxa5 $6 (27. Qxe5 Qxe5 28. Bxe5 Rxe5 29. Kf2 Rc5 30. Rd1 Rc3 31. Rd5
$11) 27... Qxb3 $15 28. Bd4 Nc6 (28... b5 29. Qb4 Qd5 30. Bxe5 Rxe5 31. Qd4 Qe6
$15) 29. Qf5 Nxd4 30. exd4 Rd8 31. Rb1 Qe3+ 32. Kg2 (32. Qf2 Qxa3 33. Rxb7 Qc1+
34. Kg2 Qc6+ 35. Qf3 Qxf3+ 36. Kxf3 Rxd4 $15) 32... g6 33. Qe5 Qd2+ (33... Qc3
34. Kg1 Qxa3 (34... Rxd4 35. Qe8+ Kg7 36. Qe5+ Kh7 37. Rf1 $1 $11) 35. Rxb7
Qa1+ 36. Kf2 Qxd4+ 37. Qxd4 Rxd4 38. h4 h5 $15) 34. Kh3 Qd3 (34... Qc3) 35. Qf6
$1 (35. Rxb7 Qf1+ 36. Kg4 (36. Kh4 g5+ 37. Kg4 f5+ 38. Kh5 Qf3+ 39. Kg6 Qxb7
40. Qe6+ Kf8 41. Qxf5+ Ke8 $19) 36... Rxd4+ 37. Qxd4 Qf5+ 38. Kh4 Qh5#) 35...
Qxb1 (35... Rd5 36. Rf1 Rh5+ 37. Kg2 Qe4+ $11) 36. Qxd8+ Kg7 37. Kg2 $8 Qb2+
38. Kg1 Qxa3 39. d5 b5 40. d6 Qe3+ $6 (40... b4 $142 41. d7 (41. Qe7 $2 Qc1+
42. Kg2 Qb2+ 43. Kg1 (43. Kh3 Qf2 44. d7 (44. Qe5+ Qf6 $19) 44... Qf1+ 45. Kh4
g5+ 46. Kg4 Kg6 $1 47. Qd6+ f6 48. d8=Q h5#) 43... Qd4+ 44. Kg2 b3 45. d7 b2
46. d8=Q Qxd8 47. Qxd8 b1=Q $15) 41... b3 42. Qc7 b2 43. Qe5+ Kh7 44. Qxb2 Qxb2
45. d8=Q Qe5 46. Qd3 Kg7 $15) 41. Kg2 Qe2+ 42. Kg1 Qe1+ 43. Kg2 Qe2+ 44. Kg1
Qe1+ 45. Kg2 1/2-1/2